| 000 | 00735nam a22002297a 4500 | ||
|---|---|---|---|
| 999 |
_c1109 _d1109 |
||
| 001 | 11694 | ||
| 003 | BD-DhUAP | ||
| 005 | 20200202205218.0 | ||
| 008 | 200202r20061959ii ||||| b||| 001 0 eng d | ||
| 020 | _a8170128536 | ||
| 040 |
_aBD-DhUAP _bEng _cBD-DhUAP _dBD-DhUAP |
||
| 082 |
_223 _a340.0954 KUL |
||
| 100 | _a Kulshreshtha, V. D. | ||
| 245 |
_a Landmarks in Indian Legal and Constitutional history / _cV. D. Kulshreshtha ; revised by B. M. Gandhi. |
||
| 250 | _a8th ed. | ||
| 260 |
_aLucknow : _bEastern Book Company, _cC1959 [Reprinted 2006] |
||
| 300 |
_axxxi, 556, [16] pages ; _c24 cm. |
||
| 504 | _aInclude bibliography and index. | ||
| 651 |
_aConstitutional history _zIndia. |
||
| 700 | _aGandhi, B. M. | ||
| 942 |
_2ddc _cBK |
||